5 Seconds of Summer (5SOS) - Valentine - All lyrics - Statistics

General Stats
  • This quiz has been taken 30 times
  • The average score is 184 of 233
Answer Stats
Answer % Correct
the
95%
Valentine,
95%
valentine
95%
and
91%
I
91%
love
91%
You
91%
you
91%
you,
91%
your
91%
as
86%
be
86%
can
86%
don't
86%
eyes
86%
home
86%
in
86%
It
86%
it
86%
just
86%
So
86%
We
86%
we
86%
all
82%
day
82%
every
82%
for
82%
have
82%
light
82%
long
82%
matter,
82%
matter
82%
my
82%
some
82%
stay
82%
take
82%
tonight
82%
us
82%
away
77%
but
77%
cake
77%
cherry
77%
chocolate
77%
dark
77%
eat
77%
eclairs
77%
get
77%
Got
77%
heart
77%
oh-oh
77%
out,
77%
pie
77%
sweet
77%
time,
77%
too
77%
we're
77%
Can't
73%
nothin'
73%
of
73%
with
73%
deep,
68%
more
68%
touch
68%
wait,
68%
being
64%
Egyptian
64%
fall
64%
kill
64%
know
64%
like
64%
messed
64%
or
64%
Throw
64%
bark
59%
bears,
59%
bite
59%
chase
59%
combative
59%
DNA's
59%
fire
59%
Full
59%
gold
59%
permanent
59%
real,
59%
teddy
59%
until
59%
balloons,
55%
classic
55%
combust
55%
our
55%
plate,
55%
together
55%
fueling
50%
beat
41%
No matching quizzes found
Score Distribution
Percent of People with Each Score
Percentile by Number Answered
Your Score History
You have not taken this quiz